header

How to read Marx's capital (Record no. 219810)

MARC details
000 -LEADER
fixed length control field 01724nam a2200385 a 4500
100 1# - MAIN ENTRY--AUTHOR NAME
Personal name Shapiro, Stephen,
245 10 - TITLE STATEMENT
Title How to read Marx's capital
260 ## - PUBLICATION, DISTRIBUTION, ETC. (IMPRINT)
Place of publication London ;
-- Ann Arbor :
Name of publisher Pluto,
Year of publication 2008.
300 ## - PHYSICAL DESCRIPTION
Number of Pages x, 182 p.
490 1# - SERIES STATEMENT
Series statement How to read theory
505 0# - FORMATTED CONTENTS NOTE
Formatted contents note pt. 1. Commodities and money -- pt. 2 The transformation of money into capital -- pt. 3. The production of absolute surplus-value -- pt. 4. The production of relative surplus-value -- pt. 5. The production of absolute and relative surplus-value -- pt. 6. Wages -- pt. 7. The process of accumulation of capital -- pt. 8. So-called primitive ['originating'] accumulation.
650 #0 - SUBJECT ADDED ENTRY--TOPICAL TERM
Topical Term Marxian economics.
856 40 - ELECTRONIC LOCATION AND ACCESS
Uniform Resource Identifier http://site.ebrary.com/lib/rucke/Doc?id=10479836

No items available.

© 2026 Rongo University
Contact us: librarian | system librarian | Rongo university